ডটার অব দ্য ইস্ট : (Record no. 9183)
[ view plain ]
| 000 -LEADER | |
|---|---|
| fixed length control field | 00721nam a22002417a 4500 |
| 001 - CONTROL NUMBER | |
| JCCL Control Number | 9183 |
| 003 - CONTROL NUMBER IDENTIFIER | |
| JCCL marc code | BD-JhCC |
| 005 - DATE AND TIME OF LATEST TRANSACTION | |
| control field | 20180312190836.0 |
| 008 - FIXED-LENGTH DATA ELEMENTS--GENERAL INFORMATION | |
| fixed length control field | 180215s2008 bg a|||| |||| 000 0bben d |
| 020 ## - INTERNATIONAL STANDARD BOOK NUMBER | |
| International Standard Book Number | 9848020586 |
| 035 ## - SYSTEM CONTROL NUMBER | |
| system control number | (BD-JhCC)9183 |
| 040 ## - CATALOGING SOURCE | |
| Original cataloging agency | BD-JhCC |
| Modifying agency | BD-JhCC |
| 041 ## - LANGUAGE CODE | |
| Language code of Book | ben |
| 082 ## - DEWEY DECIMAL CLASSIFICATION NUMBER | |
| Classification number | 954.91052092 |
| Author mark and Year | DAT 2008 |
| 100 ## - MAIN ENTRY--PERSONAL NAME | |
| Personal name | ভুট্টো, বেনজির |
| 245 ## - TITLE STATEMENT | |
| Title | ডটার অব দ্য ইস্ট : |
| Remainder of title | আত্নজীবনী / |
| Statement of responsibility, etc | বেনজির ভুট্টো |
| 260 ## - PUBLICATION, DISTRIBUTION, ETC. (IMPRINT) | |
| Place of publication, distribution, etc | ঢাকা : |
| Name of publisher, distributor, etc | চারদিক, |
| Date of publication, distribution, etc | 2008. |
| 300 ## - PHYSICAL DESCRIPTION | |
| Pagination | 414 p. : |
| Dimensions | 24 cm. |
| Other physical details | ill. ; |
| 650 ## - SUBJECT ADDED ENTRY--TOPICAL TERM | |
| Topical term or geographic name as entry element | Politicians |
| Geographic subdivision | Pakistan |
| 650 ## - SUBJECT ADDED ENTRY--TOPICAL TERM | |
| Topical term or geographic name as entry element | Biography |
| 942 ## - ADDED ENTRY ELEMENTS (KOHA) | |
| Source of classification or shelving scheme | Dewey Decimal Classification |
| Koha item type | Books |
| Source of classification or shelving scheme | Damaged status | Not for loan | Home library | Current library | Shelving location | Date of accession | Cost, normal purchase price | Total Checkouts | Full call number | Barcode | Date last seen | Copy number | Koha item type | Date checked out |
|---|---|---|---|---|---|---|---|---|---|---|---|---|---|---|
| Dewey Decimal Classification | JCC Rouf Library | JCC Rouf Library | General Stacks | 03/10/2018 | 440.00 | 954.91052092 DAT 2008 | 12219 | 03/10/2018 | C-1 | Books | ||||
| Dewey Decimal Classification | JCC Rouf Library | JCC Rouf Library | General Stacks | 03/12/2018 | 440.00 | 1 | 954.91052092 DAT 2008 | 12081 | 01/16/2019 | C-2 | Books | 09/13/2018 |